| 000 | 00479nam a2200157 4500 | ||
|---|---|---|---|
| 001 | 117256 | ||
| 003 | ES-MaACL | ||
| 005 | 20230906190848.0 | ||
| 007 | t| | ||
| 008 | 070301s1970 sp r ||||1| spa d | ||
| 111 | 2 |
_aCongreso Nacional de Pastoral ( _cAnnecy ( _d1965) ( _n. 71º) _9552 |
|
| 245 | 1 | 0 |
_aPastoral y diversión _b: La diversión, el hombre, la Iglesia. |
| 260 |
_aBilbao : _bMensajero, _c1970. |
||
| 300 |
_a221 p. ; _c20 cm. |
||
| 852 |
_aES-MaACL _jC-49068 _bR.75195 |
||
| 999 |
_c117256 _d117256 |
||